Những câu chuyện dạy tính kiên trì và tập trung
Gồm những cấu chuyện dạy thiếu nhi rèn luyện tính kiên trì và tập trung
Bewaard in:
| Formaat: | Boek |
|---|---|
| Taal: | Undetermined |
| Gepubliceerd in: |
Hà Nội
Dân trí
2015
|
| Onderwerpen: | |
| Tags: |
Voeg label toe
Geen labels, Wees de eerste die dit record labelt!
|
| Thư viện lưu trữ: | Trung tâm Học liệu Trường Đại học Cần Thơ |
|---|
| LEADER | 00754nam a2200217Ia 4500 | ||
|---|---|---|---|
| 001 | CTU_202927 | ||
| 008 | 210402s9999 xx 000 0 und d | ||
| 020 | |c 39000 | ||
| 082 | |a 372.83 | ||
| 082 | |b Nh556 | ||
| 245 | 0 | |a Những câu chuyện dạy tính kiên trì và tập trung | |
| 245 | 0 | |c Nguyễn Liên Hòa, Tuệ Văn (biên soạn) | |
| 260 | |a Hà Nội | ||
| 260 | |b Dân trí | ||
| 260 | |c 2015 | ||
| 520 | |a Gồm những cấu chuyện dạy thiếu nhi rèn luyện tính kiên trì và tập trung | ||
| 650 | |a Ethics,Đạo đức | ||
| 650 | |x Study and teaching,Dạy và học | ||
| 904 | |i Nguyên | ||
| 910 | |a Khoa | ||
| 980 | |a Trung tâm Học liệu Trường Đại học Cần Thơ | ||